The Newswriter's Handbook (Record no. 3894)

MARC details
000 -LEADER
fixed length control field 00382nam a22001577a 4500
005 - DATE AND TIME OF LATEST TRANSACTION
control field 20160625093931.0
008 - FIXED-LENGTH DATA ELEMENTS--GENERAL INFORMATION
fixed length control field 160625b xxu||||| |||| 00| 0 eng d
041 ## - LANGUAGE CODE
Language code of text/sound track or separate title eng
082 ## - DEWEY DECIMAL CLASSIFICATION NUMBER
Item number 9906
100 ## - MAIN ENTRY--AUTHOR NAME
Personal name Stain, M.L. and Paterno Susen F
245 ## - TITLE STATEMENT
Title The Newswriter's Handbook
260 ## - PUBLICATION, DISTRIBUTION, ETC. (IMPRINT)
Name of publisher Surjeet
Year of publication 2003
300 ## - PHYSICAL DESCRIPTION
Number of Pages 283
650 ## - SUBJECT ADDED ENTRY--TOPICAL TERM
Topical Term Mass Communication
942 ## - ADDED ENTRY ELEMENTS (KOHA)
Koha item type Books
Holdings
Lost status Damaged status Collection code Home library Current library Shelving location Date acquired Cost, normal purchase price Full call number Accession Number Koha item type
    LIFE SKILL JRU Library JRU Library SHELF-45-K 25/06/2016 250.00 9906 9906 Books
      JRU Library   SHELF-32-J 25/06/2016 250.00 9906 9907 Books